LDR 01029nam a2200253 4500 001 000000360379 003 CaOOAMICUS 005 20241018122757.0 008 241018s2024 it a 000 u ita r 020 $a978-88-6929-421-1 040 $aSeMil$bita 100 1 $aMarinelli, Valerio,$d<1942- >.$0(OLS)http://semarc/name/120744 245 10$aNatuzza Evolo e gli Angeli /$cValerio Marinelli. 264 1$aCantalupa (TO) :$bEffatà ,$c2024. 300 $a205 p. :$bill. ;$c21 cm 490 1 $aLe bussole 600 14$aEvolo, Fortunata
.$0(OLS)http://semarc/subject/56518 830 3$aLe bussole.$0(OLS)http://semarc/title/13660 850 $aSeMil 852 $aSeMil$W1$xVenegono$y1$m3J II 482$j251804$B251402$CSeMilBibl$Z2$F251402 $81 996 $6020$a978-88-6929-421-1$9(OLS)http://semarc/number/301585 996 $6245$aNatuzza Evolo e gli Angeli$9(OLS)http://semarc/title/450880 996 $6264$aCantalupa (TO) :$bEffatà $9(OLS)http://semarc/publisher/32483